Normal view
MARC view
- الحنبلي، ضياء الدين محمد بن الواحد المقدسي الدمشقي؛ تحقيق محمد مطيع الحاقظ
Entry Personal Name
001 - CONTROL NUMBER
- control field: 47757
003 - CONTROL NUMBER IDENTIFIER
- control field: JO-AjAnu
005 - DATE AND TIME OF LATEST TRANSACTION
- control field: 20230606081900.0
008 - FIXED-LENGTH DATA ELEMENTS
- fixed length control field: 230606|| aca||aabn | a|a d
040 ## - CATALOGING SOURCE
- Original cataloging agency: JO-AjAnu
- Transcribing agency: JO-AjAnu
100 ## - HEADING--PERSONAL NAME
- Personal name: الحنبلي، ضياء الدين محمد بن الواحد المقدسي الدمشقي؛ تحقيق محمد مطيع الحاقظ
670 ## - SOURCE DATA FOUND
- Source citation: Work cat.: (JO-AjAnu)24438: الحنبلي، ضياء الدين محمد بن الواحد المقدسي الدمشقي؛ تحقيق محمد مطيع الحاقظ, author, عوالي الأسانيد من نفائس السنة النبوية